000 01004 a2200265 4500
001 59356
005 20260407155847.0
008 260407a2007 arg spa d
003 AR-UNSa-BCEJYS
040 _aAR-UNSa-BCEJYS
_bspa
_cAR-UNSa-BCEJYS
080 _a35
_xAdministración Pública
245 1 0 _aIntroducción a la administración pública argentina
020 _a978-950-786-615-9
264 1 _aBuenos Aires :
_bBiblos
_c2007
300 _a149 p.
_c22 cm.
505 _a1. La administración pública argentina: una mirada al conjunto - 2. La administración Pública Nacional - 3. Las provincias y el Gobierno Autónomo de la Ciudad de Buenos Aires - 4. Los Municipios
041 _aspa
942 _cBK
590 _aniveau_biblio:m niveau_hierar:0
100 1 _aCao, Horacio
700 1 _aBlutman, Gustavo
700 1 _aEstévez, Alejandro
700 1 _aIturburu, Mónica
856 4 1 _uhttps://www.biblioeco.unsa.edu.ar/pmb/images/libros/L129066.jpg
_yImagen de portada
_qimage/jpeg
999 _c6659
_d6659